Leicester City Squad 2024-2025 - Statistics

General Stats
  • This quiz has been taken 246 times
    89 since last reset
  • The average score is 21 of 34
Answer Stats
# Position Nation Player % Correct
3 DF Belgium Wout Faes
96%
9 FW England Jamie Vardy
94%
1 GK Wales Danny Ward
92%
6 MF Nigeria Wilfred Ndidi
92%
20 FW Zambia Patson Daka
81%
2 DF England James Justin
79%
8 MF England Harry Winks
77%
18 FW Ghana Jordan Ayew
75%
14 FW Jamaica Bobby De Cordova-Reid
73%
30 GK Denmark Mads Hermansen
73%
- Coach Netherlands Ruud van Nistelrooy
73%
11 MF Morocco Bilal El Khannouss
71%
40 MF Argentina Facundo Buonanotte
71%
23 DF Denmark Jannik Vestergaard
71%
21 DF Portugal Ricardo Pereira
71%
10 FW England Stephy Mavididi
71%
5 DF Italy Caleb Okoli
69%
16 DF Denmark Victor Kristiansen
67%
4 DF England Conor Coady
65%
7 FW Ghana Issahaku Fatawu
62%
24 MF France Boubakary Soumaré
60%
22 MF England Oliver Skipp
60%
17 MF Bangladesh Hamza Choudhury
54%
- Coach Wales Steve Cooper
54%
27 FW France Odsonne Edouard
50%
15 DF Australia Harry Souttar
48%
31 GK Denmark Daniel Iversen
46%
41 GK Poland Jakub Stolarczyk
46%
33 DF England Luke Thomas
46%
25 DF France Woyo Coulibaly
35%
35 FW England Kasey McAteer
33%
34 MF England Michael Golding
21%
37 MF England Will Alves
10%
- Coach England Ben Dawson
6%
No matching quizzes found
Score Distribution
Percent of People with Each Score
Percentile by Number Answered
Your Score History
You have not taken this quiz since the last reset